Faith can master fear. (Record no. 4778)

MARC details
000 -LEADER
fixed length control field 00720cam a22002651 4500
001 - CONTROL NUMBER
control field 8831253
003 - CONTROL NUMBER IDENTIFIER
control field GBCCL
005 - DATE AND TIME OF LATEST TRANSACTION
control field 20241126110526.0
008 - FIXED-LENGTH DATA ELEMENTS--GENERAL INFORMATION
fixed length control field 751104s1950 nyu 000 0 eng
010 ## -
-- 50010876
035 ## - SYSTEM CONTROL NUMBER
System control number (OCoLC)1804945
040 ## - CATALOGING SOURCE
Original cataloging agency DLC
Transcribing agency FJ
Modifying agency OCoLC
-- DLC
042 ## -
-- premarc
050 00 -
-- BV4012
-- .T5
082 ## - DEWEY DECIMAL CLASSIFICATION NUMBER
Classification number 248
Item number THO
100 1# - MAIN ENTRY--PERSONAL NAME
Personal name Thomas, George Ernest,
Dates associated with a name 1907-
9 (RLIN) 8716
245 10 - TITLE STATEMENT
Title Faith can master fear.
260 ## - PUBLICATION, DISTRIBUTION, ETC.
Place of publication, distribution, etc. New York,
Name of publisher, distributor, etc. Revell
Date of publication, distribution, etc. [1950]
300 ## - PHYSICAL DESCRIPTION
Extent 160 p.
Dimensions 21 cm.
504 ## - BIBLIOGRAPHY, ETC. NOTE
Bibliography, etc. note Bibliographical references: p. 159-160.
650 #0 - SUBJECT ADDED ENTRY--TOPICAL TERM
Topical term or geographic name entry element Pastoral psychology.
9 (RLIN) 176
650 #0 - SUBJECT ADDED ENTRY--TOPICAL TERM
Topical term or geographic name entry element Fear.
9 (RLIN) 8717
906 ## - LOCAL DATA ELEMENT F, LDF (RLIN)
a 7
b cbc
c oclcrpl
d u
e ncip
f 19
g y-gencatlg
942 ## - ADDED ENTRY ELEMENTS (KOHA)
Source of classification or shelving scheme Dewey Decimal Classification
Koha item type Books
Koha issues (borrowed), all copies 1
Holdings
Withdrawn status Lost status Source of classification or shelving scheme Damaged status Not for loan Home library Current Library Shelving location Date acquired Total checkouts Full call number Barcode Date last seen Date last checked out Copy number Price effective from Koha item type
    Dewey Decimal Classification     GRACE BIBLE COLLEGE GRACE BIBLE COLLEGE Ministry & Mission 2018-02-06 1 248 THO 008790 2025-05-01 2019-03-20 c.1 2018-02-06 Books
© Grace Bible College Library 2025